LEADER 01268nam 2200385 450 001 9910132406703321 005 20231021000605.0 010 $a0-7695-5000-2 035 $a(CKB)3460000000126192 035 $a(NjHacI)993460000000126192 035 $a(EXLCZ)993460000000126192 100 $a20231021d2013 uy 0 101 0 $aeng 135 $aur||||||||||| 181 $ctxt$2rdacontent 182 $cc$2rdamedia 183 $acr$2rdacarrier 200 10$a2013 IEEE 33rd International Conference on Distributed Computing Systems /$fIEEE Staff 210 1$aLos Alamitos, California :$cIEEE,$d2013. 215 $a1 online resource (xxiv, 623 pages) $cillustrations 311 $a1-4799-0183-0 517 $aDistributed Computing Systems 606 $aComputer networks$vCongresses 606 $aElectronic data processing$vCongresses 606 $aWireless communication systems$vCongresses 615 0$aComputer networks 615 0$aElectronic data processing 615 0$aWireless communication systems 676 $a004.6 801 0$bNjHacI 801 1$bNjHacl 906 $aPROCEEDING 912 $a9910132406703321 996 $a2013 IEEE 33rd International Conference on Distributed Computing Systems$92542709 997 $aUNINA